Obstinación: escritos autobiográficos
Spremljeno u:
| Glavni autor: | |
|---|---|
| Format: | Knjiga |
| Jezik: | Undetermined |
| Izdano: |
Madrid, España
Alianza Editorial
2011
|
| Serija: | BA, 0531
|
| Teme: | |
| Oznake: |
Dodaj oznaku
Bez oznaka, Budi prvi tko označuje ovaj zapis!
|
MARC
| LEADER | 00000nam a2200000Ia 4500 | ||
|---|---|---|---|
| 008 | 170316s9999 xx 000 0 und d | ||
| 999 | |c 30697 |d 30697 | ||
| 020 | |a 978-84-206-5866-7 | ||
| 040 | |a cru BVZT | ||
| 090 | |a 830 H-8o | ||
| 100 | |a Hesse, Hermann | ||
| 245 | |a Obstinación: escritos autobiográficos | ||
| 260 | |a Madrid, España |b Alianza Editorial |c 2011 | ||
| 300 | |a 249 páginas | ||
| 490 | |a BA, 0531 | ||
| 650 | |a LITERATURA ALEMANA |9 192 | ||
| 650 | 0 | |a AUTOBIOGRAFÍA |9 270 | |
| 942 | |c 15 D |h 830 H-8o |2 z | ||



